Chuyển đến nội dung
Inicio
Centros participantes
Catálogo
Servicios
Contacto
Đăng nhập
English
Deutsch
Español
Français
Italiano
日本語
Nederlands
Português
Português (Brasil)
中文(简体)
中文(繁體)
Türkçe
עברית
Gaeilge
Cymraeg
Ελληνικά
Català
Euskara
Русский
Čeština
Suomi
Svenska
polski
Dansk
slovenščina
اللغة العربية
বাংলা
Galego
Tiếng Việt
Hrvatski
हिंदी
Հայերէն
Українська
Sámegiella
Ngôn ngữ
Tất cả các trường
Tiêu đề
Tác giả
Chủ đề
Số hiệu
số ISBN/ISSN
Nhãn
Tìm kiếm
Nâng cao
Costa Atlántica de Centroaméri...
Trích dẫn điều này
Email này
In
Xuất bản ghi
Xuất tới RefWorks
Xuất tới EndNoteWeb
Xuất tới EndNote
Lưu vào danh sách
Liên kết dài hạn
Export byl úspěšný —
Agregar primera valuación
Costa Atlántica de Centroamérica y sus relaciones con el Caribe Insular /
Đã lưu trong:
Chi tiết về thư mục
Tác giả chính:
Smith Wiltshire, David A
Tác giả khác:
Murillo, Carmen María
Định dạng:
Texto
Được phát hành:
San José:
CSUCA
Các nhãn:
Thêm thẻ
Không có thẻ, Là người đầu tiên thẻ bản ghi này!
Đang giữ
Miêu tả
Những bình luận
Những quyển sách tương tự
Chế độ xem nhân viên
MARC
LEADER
00000 a a2200000 04500
001
21616
003
040
090
|a
096100
100
|a
Smith Wiltshire, David A
245
|a
Costa Atlántica de Centroamérica y sus relaciones con el Caribe Insular /
|c
David A. Smith Wiltshire
260
|a
San José:
|b
CSUCA
300
|a
38 p.
700
|a
Murillo, Carmen María
999
|c
15142
|d
15142
Những quyển sách tương tự
Memoria de labores realizadas por el Ministerio de Defensa y de Seguridad pública, durante el año administrativo comprendido entre el 1 de julio 1982 y el 30 de junio 1983
El Salvador: war and health
El Papel de la organización de Estados americanos en el conflicto centroamericano
Bằng: Maldonado Ruiz, Rodolfo
Negociación o intervención: elementos para el análisis de la coyuntura internacional
Medio rural y tecnología